<?xml version="1.0" encoding="UTF-8" ?>
<collection xmlns="http://www.loc.gov/MARC21/slim"><record><leader>01196nam a2200337 c 4500</leader><controlfield tag="001">62117</controlfield><controlfield tag="003">CH-000273-5</controlfield><controlfield tag="005">20180314121735.0</controlfield><datafield tag="035" ind1=" " ind2=" "><subfield code="a">(OCoLC)906915714</subfield></datafield><datafield tag="040" ind1=" " ind2=" "><subfield code="a">CH-000273-5</subfield><subfield code="b">ger</subfield><subfield code="e">rda</subfield></datafield><datafield tag="041" ind1=" " ind2=" "><subfield code="a">ger</subfield></datafield><datafield tag="041" ind1=" " ind2=" "><subfield code="a">fre</subfield></datafield><datafield tag="110" ind1="2" ind2="0"><subfield code="a">Künstlerhaus Zürich</subfield></datafield><datafield tag="245" ind1="0" ind2="0"><subfield code="a">Copir-Buch</subfield><subfield code="b">angefangen am 15. Februar 1895, beendigt am 18. Juni 1895</subfield><subfield code="c">Künstlerhaus Zürich ; Herm. Stoll, H. Classen</subfield></datafield><datafield tag="246" ind1="3" ind2="4"><subfield code="a">Kopierbuch</subfield></datafield><datafield tag="264" ind1="0" ind2="1"><subfield code="a">[Zürich]</subfield><subfield code="b">Künstlerhaus Zürich</subfield><subfield code="c">1895</subfield></datafield><datafield tag="300" ind1=" " ind2=" "><subfield code="a">250 Blätter</subfield><subfield code="c">28 cm</subfield></datafield><datafield tag="336" ind1=" " ind2=" "><subfield code="a">Text</subfield><subfield code="b">txt</subfield><subfield code="2">rdacontent</subfield></datafield><datafield tag="337" ind1=" " ind2=" "><subfield code="a">ohne Hilfsmittel zu benutzen</subfield><subfield code="b">n</subfield><subfield code="2">rdamedia</subfield></datafield><datafield tag="338" ind1=" " ind2=" "><subfield code="a">Band</subfield><subfield code="b">nc</subfield><subfield code="2">rdacarrier</subfield></datafield><datafield tag="501" ind1=" " ind2=" "><subfield code="a">16.2.1895 - 18.6.1895</subfield></datafield><datafield tag="501" ind1=" " ind2=" "><subfield code="a">Alphabetischer Index der Adressaten</subfield></datafield><datafield tag="546" ind1=" " ind2=" "><subfield code="a">Texte teilweise deutsch, teilweise französisch</subfield></datafield><datafield tag="610" ind1="2" ind2="7"><subfield code="a">Künstlerhaus Zürich</subfield><subfield code="y">Geschichte 1895</subfield><subfield code="2">gnd</subfield></datafield><datafield tag="655" ind1="0" ind2="7"><subfield code="a">Quelle</subfield><subfield code="2">gnd-content</subfield></datafield><datafield tag="655" ind1="0" ind2="7"><subfield code="a">Briefsammlung</subfield><subfield code="2">gnd-content</subfield></datafield><datafield tag="700" ind1="1" ind2="0"><subfield code="a">Classen, Hermann</subfield><subfield code="e">Verfasser</subfield><subfield code="4">aut</subfield></datafield><datafield tag="700" ind1="1" ind2="0"><subfield code="a">Stoll, Hermann</subfield><subfield code="e">Verfasser</subfield><subfield code="4">aut</subfield></datafield><datafield tag="700" ind1="1" ind2="0"><subfield code="a">Bluntschli, Alfred Friedrich </subfield><subfield code="d">1842-1930</subfield><subfield code="e">Verfasser</subfield><subfield code="4">aut</subfield></datafield><datafield tag="700" ind1="1" ind2="0"><subfield code="a">Gull, Gustav </subfield><subfield code="d">1858-1942</subfield><subfield code="e">Verfasser</subfield><subfield code="4">aut</subfield></datafield><datafield tag="852" ind1="4" ind2="0"><subfield code="a">CH-000273-5</subfield><subfield code="c">Archiv 2002/006</subfield></datafield></record></collection>